[Event "World Chess Olympiad 2018"]
[Site "Batumi"]
[Date "2018.10.01"]
[Round "7"]
[Board "1"]
[WhiteFideId "5901871"]
[White "Michaelides Konstantinos"]
[BlackFideId "8400709"]
[Black "Gavarrete Nahun"]
[Result "1/2-1/2"]
[LiveChessVersion "1.4.8"]
[BlackElo "2249"]
[WhiteElo "2209"]

1. d4 {[%clk 1:30:50]} c5 {[%clk 1:30:54]} 2. Nf3 {[%clk 1:30:23]} Nf6
{[%clk 1:31:06]} 3. c4 {[%clk 1:30:29]} g6 {[%clk 1:30:34]} 4. Nc3
{[%clk 1:29:51]} Bg7 {[%clk 1:30:48]} 5. e4 {[%clk 1:28:37]} cxd4
{[%clk 1:31:03]} 6. Nxd4 {[%clk 1:29:02]} d6 {[%clk 1:30:30]} 7. f3
{[%clk 1:24:56]} Nc6 {[%clk 1:29:57]} 8. Nxc6 {[%clk 1:17:43]} bxc6
{[%clk 1:30:19]} 9. Be3 {[%clk 1:17:35]} Rb8 {[%clk 1:29:22]} 10. Qd2
{[%clk 1:15:04]} Qa5 {[%clk 1:27:56]} 11. Rc1 {[%clk 1:14:00]} O-O
{[%clk 1:25:05]} 12. Be2 {[%clk 1:05:24]} Rd8 {[%clk 1:21:29]} 13. O-O
{[%clk 1:02:40]} Be6 {[%clk 1:13:21]} 14. Bd4 {[%clk 0:56:06]} Nd7
{[%clk 1:03:34]} 15. b3 {[%clk 0:50:51]} Bxd4+ {[%clk 1:03:41]} 16. Qxd4
{[%clk 0:51:19]} Qc5 {[%clk 1:03:17]} 17. Rfd1 {[%clk 0:48:22]} Qxd4+
{[%clk 1:03:28]} 18. Rxd4 {[%clk 0:48:51]} Nc5 {[%clk 1:03:46]} 19. Rcd1
{[%clk 0:47:52]} f6 {[%clk 1:01:26]} 20. f4 {[%clk 0:42:50]} Rd7 {[%clk 1:01:03]}
21. Bf3 {[%clk 0:40:33]} Rb6 {[%clk 0:57:29]} 22. R4d2 {[%clk 0:32:11]} a5
{[%clk 0:54:00]} 23. e5 {[%clk 0:30:03]} dxe5 {[%clk 0:50:54]} 24. fxe5
{[%clk 0:29:30]} Rxd2 {[%clk 0:34:05]} 25. Rxd2 {[%clk 0:29:58]} Kf7
{[%clk 0:32:47]} 26. exf6 {[%clk 0:27:46]} Kxf6 {[%clk 0:31:42]} 27. Rf2
{[%clk 0:20:40]} Kg7 {[%clk 0:31:03]} 28. Re2 {[%clk 0:20:29]} Kf6
{[%clk 0:31:06]} 29. Rf2 {[%clk 0:18:27]} Kg7 {[%clk 0:30:28]} 30. Re2
{[%clk 0:18:10]} Kf6 {[%clk 0:30:49]} 1/2-1/2

[Event "World Chess Olympiad 2018"]
[Site "Batumi"]
[Date "2018.10.01"]
[Round "7"]
[Board "2"]
[WhiteFideId "8401411"]
[White "Miliam Escobar David Isaac"]
[BlackFideId "5900077"]
[Black "Savva Panikos"]
[Result "0-1"]
[LiveChessVersion "1.4.8"]
[BlackElo "2062"]
[WhiteElo "1787"]

1. e4 {[%clk 1:30:43]} c5 {[%clk 1:30:47]} 2. Nc3 {[%clk 1:31:04]} Nc6
{[%clk 1:31:01]} 3. d3 {[%clk 1:31:17]} d6 {[%clk 1:31:05]} 4. g3
{[%clk 1:31:41]} g6 {[%clk 1:31:13]} 5. Bg2 {[%clk 1:32:05]} Bg7 {[%clk 1:31:35]}
6. f4 {[%clk 1:31:56]} e6 {[%clk 1:31:30]} 7. Nf3 {[%clk 1:32:21]} Nge7
{[%clk 1:31:27]} 8. O-O {[%clk 1:32:29]} O-O {[%clk 1:30:07]} 9. Be3
{[%clk 1:26:33]} Nd4 {[%clk 1:29:55]} 10. Bf2 {[%clk 1:26:55]} Rb8
{[%clk 1:24:32]} 11. Rb1 {[%clk 1:27:17]} b5 {[%clk 1:23:55]} 12. Nxd4
{[%clk 1:24:40]} cxd4 {[%clk 1:24:07]} 13. Ne2 {[%clk 1:22:54]} e5
{[%clk 1:23:31]} 14. Qd2 {[%clk 1:20:52]} b4 {[%clk 1:17:00]} 15. h3
{[%clk 1:17:44]} h5 {[%clk 1:10:40]} 16. Kh1 {[%clk 1:12:47]} Be6
{[%clk 1:09:00]} 17. Bg1 {[%clk 1:06:17]} Qd7 {[%clk 1:04:58]} 18. Nc1
{[%clk 0:57:45]} Bxh3 {[%clk 1:04:52]} 19. f5 {[%clk 0:57:07]} Bxg2+
{[%clk 1:04:48]} 20. Kxg2 {[%clk 0:57:35]} gxf5 {[%clk 1:04:00]} 21. exf5
{[%clk 0:55:42]} Nxf5 {[%clk 1:03:10]} 22. Qg5 {[%clk 0:53:35]} Nh6
{[%clk 1:00:27]} 23. Qxh5 {[%clk 0:50:30]} f5 {[%clk 0:58:24]} 24. Ne2
{[%clk 0:50:09]} Qc6+ {[%clk 0:57:08]} 25. Kh3 {[%clk 0:49:10]} Rf6
{[%clk 0:48:59]} 26. Nxd4 {[%clk 0:46:17]} exd4 {[%clk 0:48:57]} 27. Bxd4
{[%clk 0:46:45]} Rf7 {[%clk 0:48:12]} 28. Bxg7 {[%clk 0:45:13]} Rxg7
{[%clk 0:47:33]} 29. Rbe1 {[%clk 0:45:26]} Qxc2 {[%clk 0:38:57]} 30. Re6
{[%clk 0:43:41]} Qxd3 {[%clk 0:38:38]} 31. Rf3 {[%clk 0:41:57]} Qd1
{[%clk 0:37:04]} 32. Kg2 {[%clk 0:40:41]} Rc8 {[%clk 0:37:13]} 33. Rxh6
{[%clk 0:39:47]} Rc2+ {[%clk 0:36:14]} 34. Rf2 {[%clk 0:39:57]} Qd5+
{[%clk 0:27:43]} 35. Qf3 {[%clk 0:38:49]} Rxf2+ {[%clk 0:28:06]} 0-1

[Event "World Chess Olympiad 2018"]
[Site "Batumi"]
[Date "2018.10.01"]
[Round "7"]
[Board "3"]
[WhiteFideId "5902355"]
[White "Damianou Ioannis"]
[BlackFideId "8400555"]
[Black "Miller Marlon"]
[Result "1-0"]
[LiveChessVersion "1.4.8"]
[BlackElo "2028"]
[WhiteElo "2008"]

1. e4 {[%clk 1:30:56]} e6 {[%clk 1:29:33]} 2. d4 {[%clk 1:31:20]} d5
{[%clk 1:29:59]} 3. Nc3 {[%clk 1:31:43]} Nf6 {[%clk 1:29:17]} 4. Bg5
{[%clk 1:32:05]} Be7 {[%clk 1:26:44]} 5. e5 {[%clk 1:32:18]} Nfd7
{[%clk 1:27:09]} 6. Bxe7 {[%clk 1:32:44]} Qxe7 {[%clk 1:27:35]} 7. f4
{[%clk 1:32:34]} a6 {[%clk 1:27:59]} 8. Nf3 {[%clk 1:32:49]} c5 {[%clk 1:27:53]}
9. Qd2 {[%clk 1:32:39]} Nc6 {[%clk 1:27:25]} 10. O-O-O {[%clk 1:31:13]} b5
{[%clk 1:21:40]} 11. dxc5 {[%clk 1:31:13]} Nxc5 {[%clk 1:21:53]} 12. Qe3
{[%clk 1:26:32]} O-O {[%clk 1:17:56]} 13. Bd3 {[%clk 1:21:11]} f5
{[%clk 1:15:08]} 14. Ne2 {[%clk 1:18:12]} Bd7 {[%clk 1:09:55]} 15. Rhg1
{[%clk 1:09:55]} Rac8 {[%clk 1:04:56]} 16. Kb1 {[%clk 1:09:33]} Na5
{[%clk 0:51:21]} 17. g4 {[%clk 0:54:20]} Nc4 {[%clk 0:50:38]} 18. Bxc4
{[%clk 0:53:14]} bxc4 {[%clk 0:51:00]} 19. gxf5 {[%clk 0:53:04]} Rxf5
{[%clk 0:51:21]} 20. Nfd4 {[%clk 0:51:41]} Rf7 {[%clk 0:49:58]} 21. Nc3
{[%clk 0:47:43]} Na4 {[%clk 0:33:56]} 22. Rde1 {[%clk 0:44:30]} Nxc3+
{[%clk 0:34:08]} 23. bxc3 {[%clk 0:43:25]} Qa3 {[%clk 0:32:22]} 24. Ka1
{[%clk 0:43:49]} Rc5 {[%clk 0:13:13]} 25. Rb1 {[%clk 0:43:04]} Ra5
{[%clk 0:13:39]} 26. Rb2 {[%clk 0:42:46]} Bc8 {[%clk 0:13:53]} 27. f5
{[%clk 0:31:42]} Rb7 {[%clk 0:14:06]} 28. Rgb1 {[%clk 0:32:04]} exf5
{[%clk 0:12:59]} 29. e6 {[%clk 0:29:56]} f4 {[%clk 0:12:25]} 30. Qf3
{[%clk 0:26:19]} Rxb2 {[%clk 0:10:35]} 31. Rxb2 {[%clk 0:24:55]} Qd6
{[%clk 0:10:24]} 32. Qh5 {[%clk 0:19:29]} g6 {[%clk 0:08:30]} 33. Qg5
{[%clk 0:19:41]} Rc5 {[%clk 0:08:21]} 34. Rb1 {[%clk 0:16:38]} Bxe6
{[%clk 0:07:09]} 35. Qf6 {[%clk 0:16:54]} Qd7 {[%clk 0:03:44]} 36. Rb8+
{[%clk 0:16:23]} Rc8 {[%clk 0:04:11]} 37. Rxc8+ {[%clk 0:16:45]} Qxc8
{[%clk 0:04:37]} 38. Nxe6 {[%clk 0:17:09]} 1-0

[Event "World Chess Olympiad 2018"]
[Site "Batumi"]
[Date "2018.10.01"]
[Round "7"]
[Board "4"]
[WhiteFideId "2212552"]
[White "Huguet Sergio"]
[BlackFideId "5900360"]
[Black "Georgiou Andreas"]
[Result "1-0"]
[LiveChessVersion "1.4.8"]
[BlackElo "1868"]
[WhiteElo "2053"]

1. e4 {[%clk 1:30:57]} c6 {[%clk 1:30:43]} 2. d4 {[%clk 1:31:07]} g6
{[%clk 1:30:45]} 3. c4 {[%clk 1:27:55]} Bg7 {[%clk 1:30:47]} 4. Nc3
{[%clk 1:27:30]} d6 {[%clk 1:30:24]} 5. Be3 {[%clk 1:25:34]} Nf6 {[%clk 1:30:44]}
6. Be2 {[%clk 1:24:19]} O-O {[%clk 1:31:07]} 7. h4 {[%clk 1:22:42]} e5
{[%clk 1:25:40]} 8. d5 {[%clk 1:17:18]} Qd7 {[%clk 1:24:27]} 9. f3
{[%clk 1:10:12]} Nh5 {[%clk 1:19:58]} 10. g4 {[%clk 1:05:35]} Nf4
{[%clk 1:18:59]} 11. Rh2 {[%clk 1:00:12]} Na6 {[%clk 1:11:25]} 12. Nh3
{[%clk 0:57:02]} Nxe2 {[%clk 1:01:52]} 13. Qxe2 {[%clk 0:53:10]} f5
{[%clk 0:57:04]} 14. gxf5 {[%clk 0:50:02]} gxf5 {[%clk 0:57:22]} 15. O-O-O
{[%clk 0:49:01]} f4 {[%clk 0:54:19]} 16. Bf2 {[%clk 0:47:09]} Nb4
{[%clk 0:47:04]} 17. a3 {[%clk 0:45:34]} a5 {[%clk 0:41:38]} 18. axb4
{[%clk 0:43:35]} axb4 {[%clk 0:41:58]} 19. Nb1 {[%clk 0:42:54]} b5
{[%clk 0:37:05]} 20. Rg1 {[%clk 0:37:14]} Kh8 {[%clk 0:30:30]} 21. Ng5
{[%clk 0:35:38]} Qe8 {[%clk 0:22:13]} 22. Rhg2 {[%clk 0:33:38]} Bh6
{[%clk 0:22:04]} 23. b3 {[%clk 0:29:59]} bxc4 {[%clk 0:20:06]} 24. Qxc4
{[%clk 0:27:27]} c5 {[%clk 0:18:23]} 25. Ne6 {[%clk 0:26:09]} Ra2
{[%clk 0:10:09]} 26. Nxf8 {[%clk 0:23:55]} Qxf8 {[%clk 0:10:37]} 27. Rg8+
{[%clk 0:20:48]} Qxg8 {[%clk 0:11:03]} 28. Rxg8+ {[%clk 0:21:11]} Kxg8
{[%clk 0:11:23]} 29. Bxc5 {[%clk 0:21:27]} Ba6 {[%clk 0:08:31]} 30. Qxb4
{[%clk 0:21:39]} dxc5 {[%clk 0:08:37]} 31. Qxc5 {[%clk 0:20:06]} Bd3
{[%clk 0:06:23]} 32. d6 {[%clk 0:19:40]} Bxe4 {[%clk 0:01:25]} 33. Qc4+
{[%clk 0:19:10]} Kg7 {[%clk 0:02:00]} 34. Qxe4 {[%clk 0:21:51]} Kf6
{[%clk 0:01:23]} 35. d7 {[%clk 0:20:53]} Ke7 {[%clk 0:01:26]} 36. Qxh7+
{[%clk 0:21:07]} Kd8 {[%clk 0:01:21]} 37. Qxh6 {[%clk 0:20:31]} Rf2
{[%clk 0:00:47]} 38. Qg7 {[%clk 0:20:12]} Rxf3 {[%clk 0:00:54]} 39. Qg8+
{[%clk 0:20:30]} 1-0

[Event "World Chess Olympiad 2018"]
[Site "Batumi"]
[Date "2018.10.01"]
[Round "7"]
[Board "1"]
[WhiteFideId "7601948"]
[White "Chekh Adm Khedr Aram"]
[BlackFideId "15200540"]
[Black "Beukes Dante M"]
[Result "0-1"]
[LiveChessVersion "1.4.8"]
[BlackElo "2155"]
[WhiteElo "2171"]

1. e4 {[%clk 1:30:58]} c5 {[%clk 1:30:56]} 2. Nf3 {[%clk 1:31:25]} Nc6
{[%clk 1:31:22]} 3. d4 {[%clk 1:31:51]} cxd4 {[%clk 1:31:49]} 4. Nxd4
{[%clk 1:32:17]} g6 {[%clk 1:32:11]} 5. c4 {[%clk 1:32:46]} Bg7 {[%clk 1:32:31]}
6. Be3 {[%clk 1:33:15]} Nf6 {[%clk 1:32:53]} 7. Nc3 {[%clk 1:33:36]} O-O
{[%clk 1:33:12]} 8. Be2 {[%clk 1:33:59]} d6 {[%clk 1:33:37]} 9. O-O
{[%clk 1:34:23]} Bd7 {[%clk 1:34:04]} 10. Qd2 {[%clk 1:28:54]} Nxd4
{[%clk 1:34:28]} 11. Bxd4 {[%clk 1:29:22]} Bc6 {[%clk 1:34:51]} 12. f3
{[%clk 1:29:26]} a5 {[%clk 1:35:18]} 13. Rac1 {[%clk 1:29:17]} Nd7
{[%clk 1:35:14]} 14. Bxg7 {[%clk 1:29:38]} Kxg7 {[%clk 1:35:38]} 15. Kh1
{[%clk 1:29:38]} Nc5 {[%clk 1:35:38]} 16. Nd5 {[%clk 1:29:38]} Bxd5
{[%clk 1:35:38]} 17. exd5 {[%clk 1:29:38]} Qb6 {[%clk 1:35:38]} 18. b3
{[%clk 1:29:38]} Qb4 {[%clk 1:35:38]} 19. Qe3 {[%clk 1:29:38]} a4
{[%clk 1:08:01]} 20. Rb1 {[%clk 1:19:39]} axb3 {[%clk 1:04:33]} 21. axb3
{[%clk 1:20:08]} Ra3 {[%clk 0:45:54]} 22. Qxe7 {[%clk 1:16:14]} Rxb3
{[%clk 0:43:52]} 23. Rxb3 {[%clk 1:14:34]} Nxb3 {[%clk 0:42:58]} 24. Qe3
{[%clk 1:14:00]} Nc5 {[%clk 0:41:04]} 25. f4 {[%clk 1:14:23]} Qb2
{[%clk 0:34:48]} 26. f5 {[%clk 1:14:30]} Nd7 {[%clk 0:28:42]} 27. Bd3
{[%clk 1:03:40]} Qc3 {[%clk 0:24:28]} 28. Rf3 {[%clk 0:56:50]} Nf6
{[%clk 0:22:55]} 29. Qf4 {[%clk 0:54:45]} Re8 {[%clk 0:19:52]} 30. fxg6
{[%clk 0:54:18]} hxg6 {[%clk 0:19:55]} 31. Qxd6 {[%clk 0:48:12]} Re3
{[%clk 0:19:26]} 32. Bf1 {[%clk 0:45:29]} Rxf3 {[%clk 0:19:29]} 33. gxf3
{[%clk 0:45:57]} Qxf3+ {[%clk 0:19:32]} 34. Kg1 {[%clk 0:46:27]} Qe3+
{[%clk 0:11:47]} 35. Kg2 {[%clk 0:45:12]} Nh5 {[%clk 0:07:54]} 36. Qb4
{[%clk 0:42:12]} Nf4+ {[%clk 0:07:09]} 37. Kh1 {[%clk 0:42:40]} Qf3+
{[%clk 0:07:26]} 38. Kg1 {[%clk 0:43:04]} Qe3+ {[%clk 0:07:48]} 39. Kh1
{[%clk 0:43:29]} Qe4+ {[%clk 0:03:03]} 40. Kg1 {[%clk 1:13:57]} Qd4+
{[%clk 0:33:21]} 41. Kh1 {[%clk 1:14:16]} Nxd5 {[%clk 0:27:52]} 42. Qxb7
{[%clk 1:09:38]} Qf2 {[%clk 0:27:44]} 43. Qb1 {[%clk 1:06:47]} Ne3
{[%clk 0:27:39]} 44. Qa1+ {[%clk 1:05:55]} Kh7 {[%clk 0:26:41]} 45. c5
{[%clk 1:05:05]} Nxf1 {[%clk 0:26:24]} 46. Qe5 {[%clk 1:05:32]} Ne3
{[%clk 0:26:38]} 0-1

[Event "World Chess Olympiad 2018"]
[Site "Batumi"]
[Date "2018.10.01"]
[Round "7"]
[Board "2"]
[WhiteFideId "15200019"]
[White "Mueller Leonhard"]
[BlackFideId "7603495"]
[Black "Koniahli Malek."]
[Result "0-1"]
[LiveChessVersion "1.4.8"]
[BlackElo "2328"]
[WhiteElo "2190"]

1. d4 {[%clk 1:30:56]} Nf6 {[%clk 1:30:54]} 2. c4 {[%clk 1:31:21]} g6
{[%clk 1:31:19]} 3. Nc3 {[%clk 1:31:45]} Bg7 {[%clk 1:31:45]} 4. e4
{[%clk 1:32:04]} d6 {[%clk 1:32:10]} 5. Nf3 {[%clk 1:32:28]} O-O {[%clk 1:32:34]}
6. Be2 {[%clk 1:32:51]} e5 {[%clk 1:32:45]} 7. O-O {[%clk 1:33:13]} Na6
{[%clk 1:31:09]} 8. Re1 {[%clk 1:33:06]} c6 {[%clk 1:30:30]} 9. Bf1
{[%clk 1:32:23]} exd4 {[%clk 1:27:39]} 10. Nxd4 {[%clk 1:32:45]} Re8
{[%clk 1:28:05]} 11. Nb3 {[%clk 1:21:07]} Nc5 {[%clk 1:10:38]} 12. f3
{[%clk 1:11:26]} Nxb3 {[%clk 0:40:03]} 13. axb3 {[%clk 1:11:50]} d5
{[%clk 0:35:44]} 14. e5 {[%clk 0:58:24]} Nd7 {[%clk 0:35:22]} 15. f4
{[%clk 0:58:41]} dxc4 {[%clk 0:29:53]} 16. bxc4 {[%clk 0:58:56]} f6
{[%clk 0:28:00]} 17. exf6 {[%clk 0:52:57]} Rxe1 {[%clk 0:26:18]} 18. Qxe1
{[%clk 0:53:18]} Nxf6 {[%clk 0:26:05]} 19. h3 {[%clk 0:51:51]} Bf5
{[%clk 0:23:30]} 20. Be3 {[%clk 0:51:12]} Qe7 {[%clk 0:23:52]} 21. Qf2
{[%clk 0:50:16]} a6 {[%clk 0:23:41]} 22. Bc5 {[%clk 0:44:25]} Qf7
{[%clk 0:22:23]} 23. Re1 {[%clk 0:42:21]} Re8 {[%clk 0:22:02]} 24. Rxe8+
{[%clk 0:41:32]} Qxe8 {[%clk 0:22:30]} 25. Bd4 {[%clk 0:40:44]} Qd8
{[%clk 0:17:40]} 26. Be5 {[%clk 0:40:09]} Bf8 {[%clk 0:17:17]} 27. g4
{[%clk 0:35:38]} Bc8 {[%clk 0:14:21]} 28. Qd4 {[%clk 0:30:44]} Qa5
{[%clk 0:08:20]} 29. Kg2 {[%clk 0:26:22]} Nd7 {[%clk 0:04:42]} 30. Bd6
{[%clk 0:19:16]} Qa1 {[%clk 0:02:18]} 31. Ne4 {[%clk 0:16:23]} Bg7
{[%clk 0:02:18]} 32. Be5 {[%clk 0:16:14]} Nxe5 {[%clk 0:02:12]} 33. Qd8+
{[%clk 0:13:25]} Bf8 {[%clk 0:02:10]} 34. fxe5 {[%clk 0:11:07]} Qxb2+
{[%clk 0:02:34]} 35. Kf3 {[%clk 0:06:41]} Qa3+ {[%clk 0:02:59]} 36. Kg2
{[%clk 0:06:29]} Qb2+ {[%clk 0:03:27]} 37. Kf3 {[%clk 0:06:52]} Qa3+
{[%clk 0:03:56]} 38. Kg2 {[%clk 0:07:03]} Be6 {[%clk 0:03:56]} 39. Nf6+
{[%clk 0:02:37]} Kh8 {[%clk 0:02:11]} 40. Bd3 {[%clk 0:30:52]} Qe7
{[%clk 0:32:16]} 41. Qb8 {[%clk 0:27:57]} Kg7 {[%clk 0:20:19]} 42. g5
{[%clk 0:27:45]} Bf7 {[%clk 0:18:23]} 43. h4 {[%clk 0:26:26]} h6 {[%clk 0:17:21]}
44. Kf3 {[%clk 0:22:15]} hxg5 {[%clk 0:17:22]} 45. hxg5 {[%clk 0:22:41]} b5
{[%clk 0:15:41]} 46. Kf4 {[%clk 0:18:59]} bxc4 {[%clk 0:13:50]} 47. Be4
{[%clk 0:17:05]} c3 {[%clk 0:14:06]} 48. Qb1 {[%clk 0:15:50]} Qc5
{[%clk 0:13:48]} 49. Qh1 {[%clk 0:15:52]} Qf2+ {[%clk 0:13:24]} 50. Bf3
{[%clk 0:15:45]} Qd2+ {[%clk 0:13:24]} 51. Ke4 {[%clk 0:14:12]} Bd5+
{[%clk 0:13:48]} 52. Nxd5 {[%clk 0:14:34]} cxd5# {[%clk 0:14:16]} 0-1

[Event "World Chess Olympiad 2018"]
[Site "Batumi"]
[Date "2018.10.01"]
[Round "7"]
[Board "3"]
[WhiteFideId "7601875"]
[White "Eiti Bashir"]
[BlackFideId "15200051"]
[Black "Eichab Charles"]
[Result "1-0"]
[LiveChessVersion "1.4.8"]
[BlackElo "2016"]
[WhiteElo "2259"]

1. d4 {[%clk 1:30:46]} Nf6 {[%clk 1:30:45]} 2. Bf4 {[%clk 1:30:55]} e6
{[%clk 1:30:51]} 3. e3 {[%clk 1:31:13]} b6 {[%clk 1:31:11]} 4. Nf3
{[%clk 1:29:23]} Bb7 {[%clk 1:30:19]} 5. Nbd2 {[%clk 1:29:20]} Be7
{[%clk 1:26:10]} 6. h3 {[%clk 1:26:44]} O-O {[%clk 1:25:03]} 7. Bd3
{[%clk 1:27:05]} c5 {[%clk 1:21:46]} 8. c3 {[%clk 1:23:58]} cxd4 {[%clk 1:18:04]}
9. exd4 {[%clk 1:23:45]} Nd5 {[%clk 1:17:49]} 10. Bh2 {[%clk 1:22:33]} Bg5
{[%clk 1:16:04]} 11. Nxg5 {[%clk 1:14:36]} Qxg5 {[%clk 1:15:40]} 12. Qg4
{[%clk 1:11:31]} Qh6 {[%clk 1:09:53]} 13. h4 {[%clk 1:06:03]} f5 {[%clk 1:09:02]}
14. Qg5 {[%clk 1:05:53]} Rf6 {[%clk 1:08:08]} 15. Be5 {[%clk 1:01:13]} Rg6
{[%clk 1:07:56]} 16. Qd8+ {[%clk 1:00:52]} Kf7 {[%clk 1:04:29]} 17. Nc4
{[%clk 1:01:14]} Rxg2 {[%clk 0:44:01]} 18. Nd6+ {[%clk 0:59:24]} 1-0

[Event "World Chess Olympiad 2018"]
[Site "Batumi"]
[Date "2018.10.01"]
[Round "7"]
[Board "4"]
[WhiteFideId "15200523"]
[White "Gariseb Immanuel"]
[BlackFideId "7609337"]
[Black "Alhammada Imad."]
[Result "1-0"]
[LiveChessVersion "1.4.8"]
[BlackElo "2118"]
[WhiteElo "1820"]

1. e4 {[%clk 1:30:57]} c5 {[%clk 1:30:51]} 2. Nf3 {[%clk 1:31:21]} e6
{[%clk 1:30:56]} 3. d4 {[%clk 1:31:44]} cxd4 {[%clk 1:31:04]} 4. Nxd4
{[%clk 1:32:07]} a6 {[%clk 1:31:10]} 5. Bd3 {[%clk 1:32:29]} Qc7 {[%clk 1:31:04]}
6. Nc3 {[%clk 1:32:49]} Nf6 {[%clk 1:30:08]} 7. Qe2 {[%clk 1:32:47]} Bb4
{[%clk 1:27:21]} 8. Bd2 {[%clk 1:30:19]} d6 {[%clk 1:21:37]} 9. O-O
{[%clk 1:30:27]} Bc5 {[%clk 1:19:55]} 10. Nb3 {[%clk 1:25:24]} Ba7
{[%clk 1:20:19]} 11. Bg5 {[%clk 1:23:36]} Nc6 {[%clk 1:14:11]} 12. Rad1
{[%clk 1:20:53]} Bd7 {[%clk 1:10:44]} 13. Kh1 {[%clk 1:15:53]} O-O-O
{[%clk 1:06:32]} 14. f4 {[%clk 1:14:49]} h6 {[%clk 0:59:26]} 15. Bh4
{[%clk 1:14:52]} g5 {[%clk 0:59:12]} 16. Bf2 {[%clk 1:05:25]} Bxf2
{[%clk 0:55:48]} 17. Rxf2 {[%clk 1:04:28]} h5 {[%clk 0:53:34]} 18. fxg5
{[%clk 0:55:38]} Ng4 {[%clk 0:52:30]} 19. Rxf7 {[%clk 0:49:11]} d5
{[%clk 0:50:43]} 20. g3 {[%clk 0:48:09]} Nce5 {[%clk 0:50:16]} 21. Rf4
{[%clk 0:46:53]} dxe4 {[%clk 0:41:47]} 22. Bxe4 {[%clk 0:42:25]} Bc6
{[%clk 0:37:17]} 23. Rxd8+ {[%clk 0:41:43]} Rxd8 {[%clk 0:34:15]} 24. h3
{[%clk 0:41:12]} Rh8 {[%clk 0:30:29]} 25. Bxc6 {[%clk 0:39:30]} Qxc6+
{[%clk 0:26:37]} 26. Qe4 {[%clk 0:39:47]} Qc7 {[%clk 0:13:06]} 27. Nd4
{[%clk 0:37:47]} Qe7 {[%clk 0:09:01]} 28. hxg4 {[%clk 0:37:17]} hxg4+
{[%clk 0:09:30]} 29. Kg1 {[%clk 0:33:47]} Qxg5 {[%clk 0:08:29]} 30. Kf1
{[%clk 0:30:33]} Qh5 {[%clk 0:06:34]} 31. Ke1 {[%clk 0:28:24]} Nf3+
{[%clk 0:04:44]} 32. Nxf3 {[%clk 0:27:18]} Qh1+ {[%clk 0:04:42]} 33. Kd2
{[%clk 0:17:15]} gxf3 {[%clk 0:04:49]} 34. Qxf3 {[%clk 0:16:40]} Rd8+
{[%clk 0:03:57]} 35. Ke2 {[%clk 0:16:13]} Qc1 {[%clk 0:04:01]} 36. Rc4+
{[%clk 0:16:33]} Kb8 {[%clk 0:03:37]} 37. Qf4+ {[%clk 0:16:57]} 1-0

[Event "World Chess Olympiad 2018"]
[Site "Batumi"]
[Date "2018.10.01"]
[Round "7"]
[Board "1"]
[WhiteFideId "7105029"]
[White "Priasmoro Novendra"]
[BlackFideId "6702309"]
[Black "Giron Jorge Ernesto"]
[Result "1/2-1/2"]
[LiveChessVersion "1.4.8"]
[BlackElo "2303"]
[WhiteElo "2498"]

1. e4 {[%clk 1:30:47]} c5 {[%clk 1:30:45]} 2. Nf3 {[%clk 1:31:08]} d6
{[%clk 1:31:09]} 3. Bb5+ {[%clk 1:30:48]} Nd7 {[%clk 1:31:30]} 4. d4
{[%clk 1:30:37]} cxd4 {[%clk 1:30:50]} 5. Qxd4 {[%clk 1:31:01]} h6
{[%clk 1:30:17]} 6. O-O {[%clk 1:31:06]} e5 {[%clk 1:28:37]} 7. Qd3
{[%clk 1:30:49]} a6 {[%clk 1:28:53]} 8. Bxd7+ {[%clk 1:28:29]} Bxd7
{[%clk 1:27:44]} 9. Nc3 {[%clk 1:28:39]} Nf6 {[%clk 1:28:09]} 10. a4
{[%clk 1:28:18]} Be7 {[%clk 1:27:53]} 11. Be3 {[%clk 1:27:31]} Rc8
{[%clk 1:25:36]} 12. a5 {[%clk 1:26:35]} Be6 {[%clk 1:25:18]} 13. Rfd1
{[%clk 1:22:52]} Qc7 {[%clk 1:21:39]} 14. Bb6 {[%clk 1:14:33]} Qc6
{[%clk 1:22:01]} 15. Rac1 {[%clk 1:11:54]} Bc4 {[%clk 1:14:18]} 16. Qe3
{[%clk 1:11:37]} g5 {[%clk 1:14:39]} 17. Nd2 {[%clk 1:09:52]} Be6
{[%clk 1:13:32]} 18. Nf1 {[%clk 1:04:00]} Nd7 {[%clk 1:10:02]} 19. Nd5
{[%clk 1:02:20]} Bxd5 {[%clk 1:10:21]} 20. exd5 {[%clk 1:02:23]} Qb5
{[%clk 1:10:09]} 21. b3 {[%clk 0:53:12]} g4 {[%clk 0:59:07]} 22. c4
{[%clk 0:51:17]} Qb4 {[%clk 0:59:32]} 23. Qe4 {[%clk 0:51:27]} Qxb3
{[%clk 0:55:18]} 24. Ne3 {[%clk 0:44:19]} Rg8 {[%clk 0:44:26]} 25. Nxg4
{[%clk 0:38:02]} Nxb6 {[%clk 0:38:58]} 26. axb6 {[%clk 0:37:49]} Bg5
{[%clk 0:39:19]} 27. Rc2 {[%clk 0:15:58]} Ke7 {[%clk 0:39:23]} 28. Re1
{[%clk 0:14:14]} h5 {[%clk 0:25:18]} 29. Nxe5 {[%clk 0:11:46]} dxe5
{[%clk 0:25:33]} 30. c5 {[%clk 0:10:55]} Bf6 {[%clk 0:18:49]} 31. d6+
{[%clk 0:10:06]} Kd8 {[%clk 0:18:27]} 32. Re3 {[%clk 0:04:32]} Rg4
{[%clk 0:12:26]} 33. f4 {[%clk 0:05:01]} Qb1+ {[%clk 0:06:59]} 34. Re1
{[%clk 0:05:17]} Rxf4 {[%clk 0:07:28]} 35. Rxb1 {[%clk 0:04:14]} Rxe4
{[%clk 0:07:52]} 36. c6 {[%clk 0:04:36]} bxc6 {[%clk 0:08:20]} 37. b7
{[%clk 0:05:02]} Rb8 {[%clk 0:08:48]} 38. Rxc6 {[%clk 0:05:24]} Bg5
{[%clk 0:09:15]} 39. Rxa6 {[%clk 0:04:25]} Be3+ {[%clk 0:07:49]} 40. Kf1
{[%clk 0:34:48]} Bc5 {[%clk 0:38:14]} 41. Rc1 {[%clk 0:27:24]} Rxb7
{[%clk 0:37:50]} 42. Rxc5 {[%clk 0:27:39]} f6 {[%clk 0:38:15]} 43. Rc7
{[%clk 0:20:32]} Rf4+ {[%clk 0:38:30]} 44. Ke2 {[%clk 0:20:58]} Rxc7
{[%clk 0:38:51]} 45. dxc7+ {[%clk 0:21:24]} Kxc7 {[%clk 0:39:16]} 46. g3
{[%clk 0:21:52]} Rf5 {[%clk 0:39:41]} 47. h4 {[%clk 0:22:01]} Kd7
{[%clk 0:39:08]} 48. Rb6 {[%clk 0:21:12]} Ke7 {[%clk 0:39:10]} 49. Rb4
{[%clk 0:21:23]} Kd6 {[%clk 0:38:46]} 50. Ra4 {[%clk 0:21:34]} 1/2-1/2